Guess the Olivia Rodrigo Song with No Hints - 8 - Statistics

General Stats
  • This quiz has been taken 320 times
  • The average score is 226 of 322
Answer Stats
% Correct
I
97%
a
95%
you
91%
the
85%
The
85%
lo
84%
And
83%
and
83%
He
82%
he
82%
me
82%
so
82%
I'm
80%
it
80%
love
80%
be
78%
my
78%
go
77%
in
77%
To
77%
to
77%
when
77%
When
77%
it's
76%
all
75%
not
73%
American
71%
him
71%
Oh
70%
this
70%
just
69%
on
69%
If
68%
if
68%
says
68%
at
67%
of
67%
that
67%
feel
65%
God
65%
like
65%
make
65%
but
64%
But
64%
fair
64%
he's
64%
up
64%
jokes
63%
laughs
63%
much
62%
Can't
61%
his
61%
marry
61%
too
61%
gonna
60%
might
60%
with
60%
got
59%
keeps
59%
shit
59%
goes
58%
have
57%
pretty
57%
about
56%
anywhere
56%
think
55%
wearin'
55%
clothes
54%
conversation
54%
way
54%
seem
53%
don't
52%
ever
52%
hands
52%
wish
52%
little
51%
poem
51%
were
51%
wrote
51%
cold
50%
Drivin'
50%
I'd
50%
right
50%
rude
50%
side
50%
soon
50%
hard
49%
Hell
49%
road
49%
sleep
48%
bed
47%
dashboard
47%
Feet
47%
man
47%
read
47%
really
47%
books
45%
boring
45%
dress
45%
apologize
43%
come
43%
Come
43%
wanna
42%
ain't
41%
assume
41%
Ah
32%
Stop
32%
stuff
31%
Okay
17%
No matching quizzes found
Score Distribution
Percent of People with Each Score
Percentile by Number Answered
Your Score History
You have not taken this quiz